000 00961nam a2200205 i 4500
001 151438
003 ES-MaACL
005 20250811112847.0
008 931025s1883 sp |||| | spa d
100 0 _aAlvarez Capra, Lorenzo.
_920724
245 1 0 _aDiscursos leidos ante la Real Academia de Bellas Artes de San Fernando en la recepción pública del Iltmo. Sr. D. Lorenzo Alvarez y Capra, el dia 24 de Junio de 1883.
260 _aMadrid :
_b[s.n.],
_c1883 (
_fImprenta y Fundición de Manuel Tello)
300 _a39 p. ;
_c27 cm.
490 1 _aDiscursos leídos en la Real Academia de Bellas Artes de San Fernando
505 8 _aContestación de Simeón Avalos, p.23
700 1 1 _aÁvalos, Simeón (
_d1829-1904)
_9134072
830 0 0 _aDiscursos leídos ante la Real Academia de Bellas Artes de San Fernando
_9221416
852 _aES-MaACL
_jF-M-III-N (1883)
_z-- Enc. pasta española
_z-- Enc. en un vol. facticio
999 _c151438
_d151438